[Event "Oktoberfest"]
[Site "Kitchener CAN"]
[Date "2010.10.16"]
[Round "2"]
[White "Humphreys, Michael"]
[Black "Semianiuk, Konstantin"]
[Result "1/2-1/2"]
[WhiteElo "2240"]
[BlackElo "2141"]
[PlyCount "116"]
[EventDate "2010.10.15"]
[EventType "swiss"]
[EventRounds "5"]
[EventCountry "CAN"]

1. Nf3 d5 2. d4 Nf6 3. c4 c6 4. Nc3 a6 5. a4 e6 6. g3 a5 7. Bg2 Na6 8. O-O Be7
9. Ne5 Nd7 10. Nxd7 Qxd7 11. e4 dxe4 12. Nxe4 Nb4 13. Bg5 O-O 14. Bxe7 Qxe7 15.
Re1 b6 16. c5 Qa7 17. Rc1 Ba6 18. cxb6 Qxb6 19. Nc5 Rfd8 20. Qg4 Bc8 21. Qh4
Rf8 22. Be4 f5 23. Bb1 Rf6 24. Re2 Na6 25. Nd3 Bd7 26. Ne5 Be8 27. Rce1 Nc7 28.
Nd3 Rd8 29. Nc5 Bf7 30. Ba2 h6 31. Qf4 Kh8 32. Bxe6 Nxe6 33. Nxe6 Bxe6 34. Rxe6
Rxd4 35. Qc1 Rd6 36. Re8+ Kh7 37. Qc4 Rd2 38. R1e2 Rxe2 39. Qg8+ Kg6 40. Rxe2
Qc7 41. Re6 Qd7 42. Qe8+ Qxe8 43. Rxe8 Rd6 44. Re5 Rd2 45. Re6+ Kh7 46. Rxc6
Rxb2 47. Rc5 g6 48. Rxa5 Ra2 49. Ra7+ Kg8 50. h4 Kh8 51. Kg2 Ra3 52. h5 gxh5
53. Rf7 Rxa4 54. Rxf5 h4 55. Rf4 Rxf4 56. gxf4 Kg7 57. Kh3 Kf6 58. Kxh4 Kf5
1/2-1/2

[Event "Oktoberfest"]
[Site "Kitchener CAN"]
[Date "2010.10.16"]
[Round "3"]
[White "Bzikot, Robert"]
[Black "Demmery, Steve"]
[Result "0-1"]
[WhiteElo "2066"]
[BlackElo "2119"]
[PlyCount "100"]
[EventDate "2010.10.15"]
[EventType "swiss"]
[EventRounds "5"]
[EventCountry "CAN"]

1. e4 d6 2. d4 Nf6 3. Nc3 c6 4. a4 Nbd7 5. Nf3 e5 6. Bc4 Be7 7. O-O O-O 8. Re1
b6 9. h3 a6 10. Be3 Bb7 11. Bg5 b5 12. Bd3 b4 13. Ne2 d5 14. Ng3 dxe4 15. Nxe4
Nxe4 16. Bxe7 Qxe7 17. Bxe4 f5 18. Bd3 e4 19. Bc4+ Kh8 20. Qd2 h6 21. Qf4 Qf6
22. Ne5 g5 23. Nxd7 gxf4 24. Nxf6 Rxf6 25. a5 Rd8 26. c3 Rd7 27. Ra4 bxc3 28.
bxc3 c5 29. Rb1 Rg6 30. dxc5 Bc6 31. Ra2 Rdg7 32. Rb6 Rxg2+ 33. Kf1 f3 34. Ke1
Rd7 35. Ra1 Rg1+ 36. Bf1 Bb5 37. Rxb5 axb5 38. c6 Rc7 39. a6 Rg8 40. Bxb5 Rxc6
41. a7 Rcc8 42. Kd2 f4 43. Ra4 Rgd8+ 44. Kc2 e3 45. fxe3 fxe3 46. Re4 e2 47.
Bd3 Re8 48. Kd2 Rcd8 49. Rxe8+ Rxe8 50. a8=Q e1=Q+ 0-1

[Event "Oktoberfest"]
[Site "Kitchener CAN"]
[Date "2010.10.16"]
[Round "3"]
[White "Drkulec, Vladimir"]
[Black "Egorov, Mikhail"]
[Result "1-0"]
[WhiteElo "2236"]
[BlackElo "2216"]
[PlyCount "67"]
[EventDate "2010.10.15"]
[EventType "swiss"]
[EventRounds "5"]
[EventCountry "CAN"]

1. d4 Nf6 2. c4 g6 3. g3 Bg7 4. Bg2 d6 5. Nc3 O-O 6. Nf3 Nc6 7. h3 a6 8. O-O
Rb8 9. a4 a5 10. e4 e5 11. d5 Nb4 12. Be3 Nd7 13. Ne1 f5 14. exf5 gxf5 15. f4
Nf6 16. fxe5 dxe5 17. Bc5 Re8 18. d6 c6 19. Nd3 Na6 20. Ba3 c5 21. Nb5 Ne4 22.
Kh2 b6 23. Nf2 Nxf2 24. Bd5+ Kh8 25. Rxf2 f4 26. Qh5 Be6 27. Rg2 Bg8 28. Rag1
Re6 29. gxf4 Rh6 30. Qg4 Bf6 31. b3 Bf7 32. Bb2 Rh4 33. Qg3 exf4 34. Qxh4 1-0

[Event "Oktoberfest"]
[Site "Kitchener CAN"]
[Date "2010.10.16"]
[Round "3"]
[White "Grigorescu, Laurentiu"]
[Black "Humphreys, Michael"]
[Result "0-1"]
[WhiteElo "2076"]
[BlackElo "2240"]
[PlyCount "100"]
[EventDate "2010.10.15"]
[EventType "swiss"]
[EventRounds "5"]
[EventCountry "CAN"]

1. d4 Nf6 2. c4 e6 3. Nc3 Bb4 4. e3 b6 5. a3 Bxc3+ 6. bxc3 O-O 7. a4 c5 8. Bd3
Bb7 9. f3 Nc6 10. Ne2 Na5 11. Ng3 Rc8 12. e4 cxd4 13. e5 Ne8 14. cxd4 Nxc4 15.
Qe2 Qh4 16. f4 Bd5 17. O-O f5 18. Rb1 Qe7 19. Rf2 Na5 20. Qb2 Nb3 21. Rc2 Rxc2
22. Bxc2 Nxc1 23. Rxc1 Bc6 24. Nf1 Nc7 25. Ne3 Nd5 26. Nxd5 Bxd5 27. Bd3 Bc6
28. Bb5 Rc8 29. Rc4 Qd8 30. Qc3 Bb7 31. Rxc8 Qxc8 32. Qxc8+ Bxc8 33. Kf2 Kf7
34. Ke3 Ke7 35. d5 exd5 36. Kd4 Ke6 37. Bd3 g6 38. Be2 Bb7 39. g4 Bc6 40. Bd1
d6 41. exd6 Kxd6 42. gxf5 gxf5 43. h4 h6 44. Bc2 a5 45. Bb3 b5 46. axb5 Bxb5
47. Bxd5 Bd7 48. Bb7 Be6 49. Kc3 Kc5 50. Ba8 Bd5 0-1

[Event "Oktoberfest"]
[Site "Kitchener CAN"]
[Date "2010.10.16"]
[Round "3"]
[White "Olheiser, Gordon"]
[Black "Zoccano, John"]
[Result "1/2-1/2"]
[WhiteElo "2051"]
[BlackElo "1915"]
[PlyCount "74"]
[EventDate "2010.10.15"]
[EventType "swiss"]
[EventRounds "5"]
[EventCountry "CAN"]

1. d4 c6 2. c4 d5 3. Nf3 Nf6 4. e3 Bf5 5. Qb3 Qb6 6. Nc3 e6 7. c5 Qc7 8. Nh4
Be7 9. Nxf5 exf5 10. Qc2 g6 11. f3 Nbd7 12. Bd3 Qd8 13. O-O O-O 14. Bd2 Re8 15.
b4 a6 16. a4 Bf8 17. Na2 Bg7 18. Rfe1 Qc7 19. g3 Re6 20. Re2 Rae8 21. Rae1 Qd8
22. b5 axb5 23. axb5 Qc7 24. bxc6 bxc6 25. Qa4 Nb8 26. Ba5 Qd7 27. Bb6 Bh6 28.
Kg2 Rxe3 29. Rxe3 Rxe3 30. Rxe3 Bxe3 31. Qa8 Qe8 32. Nb4 Bxd4 33. Ba7 Qe3 34.
Qxb8+ Kg7 35. Qf4 Qg1+ 36. Kh3 Qf2 37. Nxc6 Bxc5 1/2-1/2

[Event "Oktoberfest"]
[Site "Kitchener CAN"]
[Date "2010.10.16"]
[Round "3"]
[White "Semianiuk, Konstantin"]
[Black "Fiedler, Brian"]
[Result "1/2-1/2"]
[WhiteElo "2141"]
[BlackElo "2126"]
[PlyCount "75"]
[EventDate "2010.10.15"]
[EventType "swiss"]
[EventRounds "5"]
[EventCountry "CAN"]

1. e4 c5 2. Nf3 d6 3. Bb5+ Nc6 4. O-O Bd7 5. Re1 Nf6 6. c3 e6 7. d4 cxd4 8.
cxd4 d5 9. e5 Ne4 10. Bd3 f5 11. exf6 Nxf6 12. Ng5 Qe7 13. Bf5 Nd8 14. Qb3 g6
15. Bh3 Bg7 16. Bd2 a5 17. Nc3 a4 18. Qc2 O-O 19. a3 Nh5 20. Nf3 Qf7 21. Ne2
Nc6 22. Qd3 e5 23. Bxd7 e4 24. Qe3 Qxd7 25. Ng5 Rae8 26. Rad1 h6 27. Nh3 g5 28.
Bc3 Qg4 29. Kh1 Nf4 30. Nhxf4 gxf4 31. Qd2 h5 32. Ng1 f3 33. g3 h4 34. h3 Qg6
35. g4 Re6 36. Qc1 Rfe8 37. Qf4 Rf8 38. Qc1 1/2-1/2

[Event "Oktoberfest"]
[Site "Kitchener CAN"]
[Date "2010.10.17"]
[Round "4"]
[White "Deline, Ralph"]
[Black "Bzikot, Robert"]
[Result "0-1"]
[WhiteElo "1899"]
[BlackElo "2066"]
[PlyCount "100"]
[EventDate "2010.10.15"]
[EventType "swiss"]
[EventRounds "5"]
[EventCountry "CAN"]

1. e4 d6 2. d4 Nf6 3. Nc3 g6 4. Be2 Bg7 5. Be3 c6 6. f4 b5 7. e5 Nfd7 8. Nf3 a6
9. O-O O-O 10. Ng5 Nb6 11. Qe1 f6 12. Nf3 Nd5 13. Nxd5 cxd5 14. Qh4 Nc6 15.
exd6 Qxd6 16. c3 Bf5 17. g4 Be4 18. Rae1 Rac8 19. Bd2 Qd7 20. Qg3 b4 21. h4
bxc3 22. Bxc3 f5 23. Ne5 Nxe5 24. dxe5 e6 25. Bd4 Rc2 26. Rf2 Rfc8 27. Bd3 Rc1
28. Rfe2 Qa4 29. Qe3 Rxe1+ 30. Rxe1 Bxd3 31. Qxd3 Rc4 32. Rd1 Qxa2 33. gxf5
gxf5 34. Kh2 Qa5 35. Rg1 Qc7 36. Rg2 Kh8 37. b3 Rc6 38. b4 Rc4 39. Kg3 Bh6 40.
Kf3 Qf7 41. Rc2 Qh5+ 42. Ke3 Qxh4 43. Rxc4 Bxf4+ 44. Ke2 Qg4+ 45. Kf1 dxc4 46.
Qxc4 Qf3+ 47. Bf2 Qh1+ 48. Ke2 Qe4+ 49. Qxe4 fxe4 50. Bc5 Kg7 0-1

[Event "Oktoberfest"]
[Site "Kitchener CAN"]
[Date "2010.10.17"]
[Round "4"]
[White "Demmery, Steve"]
[Black "Semianiuk, Konstantin"]
[Result "0-1"]
[WhiteElo "2119"]
[BlackElo "2141"]
[PlyCount "70"]
[EventDate "2010.10.15"]
[EventType "swiss"]
[EventRounds "5"]
[EventCountry "CAN"]

1. d4 d5 2. c4 c6 3. cxd5 cxd5 4. Bf4 Nc6 5. e3 Nf6 6. Nc3 a6 7. Rc1 e6 8. Nf3
Be7 9. h3 Qa5 10. Bd3 b5 11. O-O Bb7 12. e4 Nb4 13. exd5 Nxd3 14. Qxd3 Bxd5 15.
Bc7 Qb4 16. Ne5 Qxb2 17. a4 Rc8 18. Rb1 Qa3 19. Ra1 Qb4 20. Rfb1 Bc4 21. Qg3
Bb3 22. Nxb5 axb5 23. Rxb3 Qxd4 24. Rc1 Ne4 25. Qf3 O-O 26. Nc6 Rxc7 27. Nxd4
Rxc1+ 28. Kh2 Nd2 29. Qf4 Nxb3 30. Qe3 bxa4 31. Qf4 Rc2 32. Qf3 a3 33. Nc6 Bd6+
34. g3 a2 35. Qd1 Rxc6 0-1

[Event "Oktoberfest"]
[Site "Kitchener CAN"]
[Date "2010.10.17"]
[Round "4"]
[White "Dougherty, Michael"]
[Black "Olheiser, Gordon"]
[Result "1-0"]
[WhiteElo "2316"]
[BlackElo "2051"]
[PlyCount "85"]
[EventDate "2010.10.15"]
[EventType "swiss"]
[EventRounds "5"]
[EventCountry "CAN"]

1. e4 e6 2. d4 d5 3. Nc3 Bb4 4. e5 c5 5. Nf3 Nc6 6. Bb5 Bd7 7. Bxc6 bxc6 8. a3
Bxc3+ 9. bxc3 cxd4 10. cxd4 c5 11. O-O cxd4 12. a4 Ne7 13. Nxd4 O-O 14. Qg4 Ng6
15. f4 Qb6 16. Be3 Qc7 17. Rae1 Ne7 18. Rf3 Nf5 19. Nxf5 exf5 20. Qh5 Qc6 21.
Rh3 h6 22. Rg3 Qe6 23. c4 Bc6 24. cxd5 Bxd5 25. Bc5 Rfe8 26. Rd1 Rac8 27. Bxa7
Ra8 28. Bf2 Rxa4 29. Rgd3 Be4 30. Rd6 Qb3 31. e6 Raa8 32. Qxf7+ Kh7 33. Rd7 Rg8
34. h3 Raf8 35. Qh5 Bc2 36. R1d6 Re8 37. e7 g6 38. Qh4 Qf7 39. Rf6 Qg7 40. Rf8
Qa1+ 41. Kh2 Ba4 42. Bd4 Qc1 43. Rf7+ 1-0

[Event "Oktoberfest"]
[Site "Kitchener CAN"]
[Date "2010.10.17"]
[Round "4"]
[White "Egorov, Mikhail"]
[Black "Zoccano, John"]
[Result "1-0"]
[WhiteElo "2216"]
[BlackElo "1915"]
[PlyCount "45"]
[EventDate "2010.10.15"]
[EventType "swiss"]
[EventRounds "5"]
[EventCountry "CAN"]

1. e4 d5 2. Nc3 dxe4 3. Nxe4 Bf5 4. Ng3 Bg6 5. d4 e6 6. N1e2 Bd6 7. Nf4 Bxf4 8.
Bxf4 Nf6 9. h4 h6 10. h5 Bh7 11. Bd3 Bxd3 12. Qxd3 c6 13. f3 Nbd7 14. O-O-O Qa5
15. Kb1 O-O-O 16. c4 Nb6 17. Ne4 Nxe4 18. fxe4 Qb4 19. b3 Qe7 20. c5 Nd7 21.
Bd6 Qg5 22. g3 Nf6 23. Bf4 1-0

[Event "Oktoberfest"]
[Site "Kitchener CAN"]
[Date "2010.10.17"]
[Round "4"]
[White "Grigorescu, Laurentiu"]
[Black "Fiedler, Brian"]
[Result "1/2-1/2"]
[WhiteElo "2076"]
[BlackElo "2126"]
[PlyCount "83"]
[EventDate "2010.10.15"]
[EventType "swiss"]
[EventRounds "5"]
[EventCountry "CAN"]

1. d4 Nf6 2. c4 d6 3. Nc3 Nbd7 4. Nf3 g6 5. e4 e5 6. Be2 Bg7 7. O-O O-O 8. Re1
c6 9. Bf1 Qc7 10. Rb1 a5 11. a3 Re8 12. d5 c5 13. g3 Rf8 14. Nh4 Ne8 15. f4
exf4 16. gxf4 Qd8 17. Nf3 f6 18. Be3 Nc7 19. Rc1 b6 20. Rc2 Ba6 21. Bf2 Qb8 22.
a4 Qb7 23. b3 Rae8 24. Rce2 Qa8 25. Bg2 Bb7 26. Qd3 Qd8 27. Bg3 Na6 28. Bh3 Nb4
29. Qd2 Bh6 30. Be6+ Kh8 31. Qd1 Bc8 32. Nb5 Qe7 33. Kg2 Bb7 34. h4 Rd8 35. Qb1
Bg7 36. Bxd7 Rxd7 37. f5 Ba6 38. Ng1 Re8 39. Kf2 Red8 40. Nh3 Bxb5 41. axb5 Qf7
42. Nf4 1/2-1/2

[Event "Oktoberfest"]
[Site "Kitchener CAN"]
[Date "2010.10.17"]
[Round "4"]
[White "Humphreys, Michael"]
[Black "Drkulec, Vladimir"]
[Result "1-0"]
[WhiteElo "2240"]
[BlackElo "2236"]
[PlyCount "95"]
[EventDate "2010.10.15"]
[EventType "swiss"]
[EventRounds "5"]
[EventCountry "CAN"]

1. Nf3 Nf6 2. c4 g6 3. b4 Bg7 4. Bb2 O-O 5. g3 b6 6. Bg2 Bb7 7. O-O c5 8. a3
Qc8 9. d3 d5 10. cxd5 cxb4 11. d6 exd6 12. axb4 a6 13. Nbd2 b5 14. Nb3 Nc6 15.
Qd2 Nd5 16. Bxg7 Kxg7 17. Rfc1 Qg4 18. e4 Ndxb4 19. Na5 Nxa5 20. Qxb4 Nc6 21.
Rxc6 Bxc6 22. Qc3+ Kg8 23. Qxc6 Qc8 24. Qxc8 Rfxc8 25. Nd4 b4 26. e5 dxe5 27.
Bxa8 Rxa8 28. Nc6 b3 29. Rb1 f6 30. Rxb3 Kf7 31. Ra3 Ke6 32. Ra5 Kd6 33. Nb4
Rb8 34. Rxa6+ Kc5 35. Nc2 Rb2 36. Ne3 f5 37. Ra5+ Kb4 38. Rxe5 Rd2 39. d4 Rd3
40. Re7 Kc3 41. Rc7+ Kxd4 42. Rd7+ Ke4 43. Rxd3 Kxd3 44. Nd5 Kd4 45. Nf6 h5 46.
f4 Ke3 47. h4 Kf3 48. Kh2 1-0

[Event "Oktoberfest"]
[Site "Kitchener CAN"]
[Date "2010.10.17"]
[Round "4"]
[White "Semianiuk, Konstantin"]
[Black "Grigorescu, Laurentiu"]
[Result "1-0"]
[WhiteElo "2141"]
[BlackElo "2076"]
[PlyCount "55"]
[EventDate "2010.10.15"]
[EventType "swiss"]
[EventRounds "5"]
[EventCountry "CAN"]

1. e4 e5 2. Nf3 Nc6 3. d4 exd4 4. Nxd4 Nf6 5. Nc3 Bb4 6. Nxc6 bxc6 7. Bd3 d5 8.
exd5 cxd5 9. O-O O-O 10. Bg5 c6 11. Qf3 Be7 12. Rae1 Qd6 13. h3 a5 14. Ne2 Bd8
15. Bf4 Qb4 16. b3 Ba6 17. c3 Qb7 18. Ng3 Bxd3 19. Qxd3 Re8 20. Rxe8+ Nxe8 21.
Nf5 Bf6 22. Re1 g6 23. Nh6+ Kf8 24. Qe3 Qd7 25. Bg3 Kg7 26. Ng4 Bd8 27. Nh6 Kh8
28. Qe5+ 1-0

[Event "Oktoberfest"]
[Site "Kitchener CAN"]
[Date "2010.10.17"]
[Round "5"]
[White "Drkulec, Vladimir"]
[Black "Fiedler, Brian"]
[Result "1/2-1/2"]
[WhiteElo "2236"]
[BlackElo "2126"]
[PlyCount "34"]
[EventDate "2010.10.15"]
[EventType "swiss"]
[EventRounds "5"]
[EventCountry "CAN"]

1. d4 Nf6 2. Nf3 g6 3. g3 Bg7 4. Bg2 O-O 5. O-O c5 6. c4 cxd4 7. Nxd4 Nc6 8.
Nc2 d6 9. e4 Be6 10. Ne3 Qd7 11. Re1 Bh3 12. Bh1 Rac8 13. Nc3 Ng4 14. c5 Nxe3
15. Bxe3 dxc5 16. Qxd7 Bxd7 17. Bxc5 Nd4 1/2-1/2

[Event "Oktoberfest"]
[Site "Kitchener CAN"]
[Date "2010.10.17"]
[Round "5"]
[White "Egorov, Mikhail"]
[Black "Demmery, Steve"]
[Result "0-1"]
[WhiteElo "2216"]
[BlackElo "2119"]
[PlyCount "30"]
[EventDate "2010.10.15"]
[EventType "swiss"]
[EventRounds "5"]
[EventCountry "CAN"]

1. e4 d6 2. d4 Nf6 3. Bd3 e5 4. c3 Nc6 5. Ne2 d5 6. exd5 Qxd5 7. O-O e4 8. Nf4
Qf5 9. Bc2 Bd6 10. Ne2 Qh5 11. Ng3 Qh4 12. Qe2 Bf5 13. Nd2 O-O 14. Ndxe4 Bxe4
15. Bxe4 Nxe4 0-1

[Event "Oktoberfest"]
[Site "Kitchener CAN"]
[Date "2010.10.17"]
[Round "5"]
[White "Humphreys, Michael"]
[Black "Dougherty, Michael"]
[Result "0-1"]
[WhiteElo "2240"]
[BlackElo "2316"]
[PlyCount "94"]
[EventDate "2010.10.15"]
[EventType "swiss"]
[EventRounds "5"]
[EventCountry "CAN"]

1. Nf3 g6 2. c4 Bg7 3. e4 c5 4. d4 cxd4 5. Nxd4 Nc6 6. Be3 Nf6 7. Nc3 Ng4 8.
Qxg4 Nxd4 9. Qd1 Ne6 10. Be2 Qa5 11. Rc1 Bxc3+ 12. Rxc3 Qxa2 13. b4 Qb2 14. Rb3
Qe5 15. Qd5 d6 16. O-O g5 17. g3 Rg8 18. Kh1 g4 19. Ra3 a6 20. Qxe5 dxe5 21. b5
Nd4 22. Bd3 Rb8 23. Bxd4 exd4 24. e5 axb5 25. cxb5 Rg5 26. Re1 Bf5 27. Be4 Bd7
28. Bd3 b6 29. Ra4 Rc8 30. Rxd4 Rc5 31. Ra4 Kf8 32. Ra8+ Kg7 33. Ra7 Be6 34.
Ra6 Rgxe5 35. Rea1 Bd5+ 36. Kg1 Rc3 37. Bf1 Re6 38. Rd1 Bf3 39. Rb1 h5 40. h4
Rc2 41. Bd3 Rd2 42. Bc4 Red6 43. Raa1 R6d4 44. Bf1 Kf6 45. Ra6 Rd1 46. Rba1 Be2
47. Rxb6+ e6 0-1

[Event "Oktoberfest"]
[Site "Kitchener CAN"]
[Date "2010.10.17"]
[Round "5"]
[White "Olheiser, Gordon"]
[Black "Bzikot, Robert"]
[Result "1-0"]
[WhiteElo "2051"]
[BlackElo "2066"]
[PlyCount "58"]
[EventDate "2010.10.15"]
[EventType "swiss"]
[EventRounds "5"]
[EventCountry "CAN"]

1. d4 f5 2. Nf3 Nf6 3. c4 g6 4. e3 Bg7 5. b4 d6 6. a4 O-O 7. Bb2 b6 8. Be2 a5
9. b5 Ne4 10. Nbd2 e6 11. O-O Qe7 12. Nxe4 fxe4 13. Nd2 Bb7 14. Qc2 e5 15. d5
Nd7 16. Nxe4 Rf7 17. Bg4 Raf8 18. Be6 Kh8 19. Bxf7 Rxf7 20. Rae1 g5 21. Ng3 Nc5
22. Nf5 Qf8 23. Nxg7 Kxg7 24. f4 gxf4 25. exf4 Rxf4 26. Bc1 Rxf1+ 27. Rxf1 Qe7
28. Qf5 Nxa4 29. Bg5 Qe8 1-0

[Event "Oktoberfest U2000"]
[Site "Kitchener CAN"]
[Date "2010.10.15"]
[Round "1"]
[White "Brammall, Stuart"]
[Black "Piccinin, Mario"]
[Result "1-0"]
[WhiteElo "1873"]
[BlackElo "1719"]
[PlyCount "77"]
[EventDate "2010.10.15"]
[EventType "swiss"]
[EventRounds "5"]
[EventCountry "CAN"]

1. e4 d5 2. exd5 Nf6 3. d4 Nxd5 4. c4 Nb6 5. Nf3 Bg4 6. h3 Bh5 7. g4 Bg6 8. Ne5
N8d7 9. Nxg6 hxg6 10. Bf4 e6 11. Nc3 g5 12. Be3 Be7 13. Qe2 Bf6 14. O-O-O Qe7
15. Bg2 c6 16. Ne4 Qb4 17. Kb1 Nxc4 18. Qxc4 Qe7 19. Qc1 Nb6 20. Qc5 Qxc5 21.
dxc5 Nd5 22. Bxg5 O-O-O 23. Bxf6 Nxf6 24. Nd6+ Kc7 25. Nxf7 Rxd1+ 26. Rxd1 Rf8
27. Ng5 Re8 28. Rd6 e5 29. Ne6+ Kc8 30. Nxg7 Rf8 31. Ne6 Re8 32. Ng5 Nd7 33. b4
Rf8 34. Ne4 b6 35. Rxc6+ Kd8 36. Rd6 Ke7 37. c6 Nb8 38. b5 a6 39. a4 1-0

[Event "Oktoberfest U2000"]
[Site "Kitchener CAN"]
[Date "2010.10.15"]
[Round "1"]
[White "Cormier, Adam"]
[Black "Knechtel, Tim"]
[Result "1/2-1/2"]
[WhiteElo "1954"]
[BlackElo "1771"]
[PlyCount "106"]
[EventDate "2010.10.15"]
[EventType "swiss"]
[EventRounds "5"]
[EventCountry "CAN"]

1. d4 d6 2. e4 Nf6 3. Nc3 e5 4. Nf3 Nbd7 5. Bc4 Be7 6. O-O c6 7. a4 O-O 8. Re1
Qc7 9. h3 Rb8 10. Be3 b6 11. Qd2 a6 12. Nh2 b5 13. axb5 axb5 14. Bd3 b4 15. Ne2
c5 16. c3 c4 17. Bb1 b3 18. f4 Bb7 19. Ng3 Ra8 20. Rxa8 Rxa8 21. Nf5 Bf8 22.
Bf2 exf4 23. Qxf4 Ra1 24. Nf3 Rxb1 25. Rxb1 Bxe4 26. Ra1 Nb6 27. Ne3 Qc6 28.
Nd2 Bd3 29. Bh4 Nfd5 30. Qf3 Qb5 31. Nxd5 Nxd5 32. Nb1 Nb6 33. Ra7 Qd5 34. Qxd5
Nxd5 35. Nd2 Ne3 36. Ra1 Nf5 37. Bf2 g6 38. g4 Bh6 39. Nxc4 Bxc4 40. gxf5 gxf5
41. Ra4 d5 42. Ra1 Kg7 43. Re1 Bd2 44. Rd1 Bh6 45. Kg2 Be2 46. Re1 Bd3 47. Be3
f4 48. Bc1 Be4+ 49. Kf2 Bg5 50. Rg1 Kf6 51. Rf1 Bd3 52. Rd1 Bc2 53. Rf1 Bd3
1/2-1/2

[Event "Oktoberfest U2000"]
[Site "Kitchener CAN"]
[Date "2010.10.15"]
[Round "1"]
[White "Lalonde, Drake"]
[Black "Liu, Steven"]
[Result "1/2-1/2"]
[WhiteElo "1702"]
[BlackElo "1860"]
[PlyCount "74"]
[EventDate "2010.10.15"]
[EventType "swiss"]
[EventRounds "5"]
[EventCountry "CAN"]

1. d4 Nf6 2. c4 e6 3. Nf3 Bb4+ 4. Bd2 a5 5. e3 Nc6 6. Bd3 d5 7. a3 Bd6 8. cxd5
exd5 9. h3 Ne7 10. Qc2 c6 11. O-O O-O 12. Nc3 g6 13. e4 dxe4 14. Nxe4 Nxe4 15.
Bxe4 f5 16. Qc4+ Kg7 17. Bc2 Nd5 18. Rfe1 Qb6 19. Ng5 Bd7 20. Qb3 Rae8 21. Qxb6
Nxb6 22. Bxa5 Nd5 23. Bd2 Bf4 24. Bxf4 Nxf4 25. Nf3 Be6 26. Ne5 Bd5 27. f3 Re6
28. Nd7 Rfe8 29. Rxe6 Rxe6 30. Ne5 c5 31. Re1 cxd4 32. Bd3 Re7 33. Bb5 Bc6 34.
Bc4 b5 35. Bf1 Kf6 36. Nd3 Nd5 37. Rxe7 Nxe7 1/2-1/2

[Event "Oktoberfest U2000"]
[Site "Kitchener CAN"]
[Date "2010.10.15"]
[Round "1"]
[White "Rowles, Christopher"]
[Black "Gashgarian, Robert"]
[Result "0-1"]
[WhiteElo "1770"]
[BlackElo "1903"]
[PlyCount "148"]
[EventDate "2010.10.15"]
[EventType "swiss"]
[EventRounds "5"]
[EventCountry "CAN"]

1. e4 e5 2. Nf3 d6 3. d4 Nd7 4. Nc3 c6 5. Bc4 Be7 6. O-O Ngf6 7. h3 b5 8. dxe5
dxe5 9. Bd3 Qc7 10. Re1 h6 11. Ne2 Nc5 12. Ng3 g6 13. b3 Ne6 14. Bb2 Nd7 15. a4
bxa4 16. Rxa4 Nec5 17. Ra2 O-O 18. Bf1 Kh7 19. Qd2 f6 20. Rea1 Ne6 21. Ne2 Bc5
22. b4 Be7 23. c4 c5 24. b5 Nd4 25. Nh2 Nb3 26. Qe3 Nxa1 27. Bc1 g5 28. Rxa1
Rd8 29. Ng3 Nf8 30. Be2 Ne6 31. Bg4 Nd4 32. Ra2 Be6 33. Bxe6 Nxe6 34. Qf3 Nf4
35. Nf5 Bf8 36. Bxf4 exf4 37. Ra6 Qd7 38. Ng4 Qd1+ 39. Qxd1 Rxd1+ 40. Kh2 Bg7
41. Nxf6+ Bxf6 42. Rxf6 Rad8 43. Rxh6+ Kg8 44. Rc6 Rc1 45. Nd6 Kf8 46. g3 Ke7
47. e5 Re1 48. Rxc5 Ke6 49. Rc7 Rd7 50. Rxd7 Kxd7 51. Nf7 fxg3+ 52. Kxg3 Ke6
53. Nxg5+ Kf5 54. Nf3 Re4 55. Nd2 Rd4 56. Nb1 Rxc4 57. f3 Rb4 58. Nc3 Rb3 59.
Ne4 Kxe5 60. h4 Rxb5 61. h5 Rb8 62. Nc3 Rh8 63. Kg4 Rg8+ 64. Kh4 Kf4 65. Nd5+
Kxf3 66. h6 a5 67. Kh5 a4 68. h7 Rh8 69. Kg6 a3 70. Nb4 Ke2 71. Kg7 Rxh7+ 72.
Kxh7 Kd2 73. Kg6 Kc3 74. Na2+ Kb2 0-1

[Event "Oktoberfest U2000"]
[Site "Kitchener CAN"]
[Date "2010.10.16"]
[Round "2"]
[White "Gashgarian, Robert"]
[Black "Rapaka, Krishnakanth"]
[Result "1/2-1/2"]
[WhiteElo "1903"]
[BlackElo "1776"]
[PlyCount "87"]
[EventDate "2010.10.15"]
[EventType "swiss"]
[EventRounds "5"]
[EventCountry "CAN"]

1. d4 d5 2. Nf3 Nf6 3. Bf4 e6 4. e3 Nbd7 5. Bd3 c5 6. c3 Be7 7. h3 O-O 8. Nbd2
Re8 9. Qc2 Nf8 10. Ne5 Ng6 11. Nxg6 fxg6 12. Nf3 c4 13. Be2 Ne4 14. O-O Rf8 15.
Ne5 Bh4 16. Nf3 Bf6 17. Bxc4 Nxf2 18. Be2 Ne4 19. Bd3 Nd6 20. g4 Nf7 21. e4
dxe4 22. Bxe4 Qb6 23. Kg2 Bd7 24. Rae1 Rae8 25. Kg3 Bc6 26. Rf2 Bxe4 27. Rxe4
g5 28. Bc1 e5 29. dxe5 Nxe5 30. Nxg5 Bxg5 31. Bxg5 Rxf2 32. Qxf2 Qxf2+ 33. Kxf2
Nd3+ 34. Ke3 Rxe4+ 35. Kxe4 Nxb2 36. Be3 a5 37. Kd4 Nd1 38. Bg1 Kf7 39. Kc4
Nb2+ 40. Kd4 Ke6 41. c4 Kd6 42. c5+ Kc6 43. Kc3 Na4+ 44. Kc4 1/2-1/2

[Event "Oktoberfest U2000"]
[Site "Kitchener CAN"]
[Date "2010.10.16"]
[Round "2"]
[White "Knechtel, Tim"]
[Black "Gillanders, Robert"]
[Result "1/2-1/2"]
[WhiteElo "1771"]
[BlackElo "1883"]
[PlyCount "65"]
[EventDate "2010.10.15"]
[EventType "swiss"]
[EventRounds "5"]
[EventCountry "CAN"]

1. Nf3 c5 2. e3 Nc6 3. d4 e6 4. Bd3 d5 5. b3 Nf6 6. Nbd2 cxd4 7. exd4 Bb4 8.
Bb2 O-O 9. a3 Bd6 10. Ne5 Qc7 11. f4 Ne7 12. g4 Ng6 13. Qf3 b6 14. h4 Bb7 15.
h5 Ne7 16. g5 Ne4 17. Nxe4 dxe4 18. Bxe4 Bxe4 19. Qxe4 Bxe5 20. fxe5 Nf5 21.
Rh3 Rac8 22. c4 Qe7 23. Qg4 Rfd8 24. O-O-O b5 25. c5 Qd7 26. b4 Qd5 27. Kb1 a5
28. Rdd3 axb4 29. axb4 Ra8 30. Ra3 Rxa3 31. Rxa3 Qh1+ 32. Ka2 Qd5+ 33. Kb1
1/2-1/2

[Event "Oktoberfest U2000"]
[Site "Kitchener CAN"]
[Date "2010.10.16"]
[Round "2"]
[White "Liu, Steven"]
[Black "Cormier, Adam"]
[Result "1-0"]
[WhiteElo "1860"]
[BlackElo "1954"]
[PlyCount "89"]
[EventDate "2010.10.15"]
[EventType "swiss"]
[EventRounds "5"]
[EventCountry "CAN"]

1. Nf3 c5 2. d4 cxd4 3. Nxd4 d6 4. c4 g6 5. e3 Bg7 6. b3 Nf6 7. Bb2 O-O 8. Be2
Nbd7 9. O-O a6 10. Nc3 Qc7 11. Qc2 b6 12. Bf3 Bb7 13. Bxb7 Qxb7 14. Rad1 Rac8
15. Qe2 Rfd8 16. e4 Nc5 17. Rfe1 e6 18. Nf3 Qc7 19. Nd4 Qb7 20. b4 Ncd7 21. b5
Ne5 22. Rc1 Nxc4 23. Nc6 Nxb2 24. Nxd8 Rxd8 25. bxa6 Qa8 26. Qxb2 Nxe4 27. Rxe4
Qxe4 28. Nxe4 Bxb2 29. Rc7 Be5 30. a7 d5 31. Rd7 Ra8 32. Ng5 Bf6 33. Nxf7 Kf8
34. Nd6 Be5 35. Nb5 h6 36. Rb7 Ke8 37. Nc7+ Bxc7 38. Rxc7 Kd8 39. Rh7 Kc8 40.
Rg7 e5 41. Kf1 b5 42. a3 g5 43. g4 e4 44. Ke2 d4 45. Kd2 1-0

[Event "Oktoberfest U2000"]
[Site "Kitchener CAN"]
[Date "2010.10.16"]
[Round "2"]
[White "Piccinin, Mario"]
[Black "Rowles, Christopher"]
[Result "1-0"]
[WhiteElo "1719"]
[BlackElo "1770"]
[PlyCount "59"]
[EventDate "2010.10.15"]
[EventType "swiss"]
[EventRounds "5"]
[EventCountry "CAN"]

1. f4 c5 2. e3 Nc6 3. c3 d6 4. Nf3 Nf6 5. d3 a6 6. h3 b5 7. Qc2 Bb7 8. Be2 e6
9. Nbd2 Be7 10. Nf1 Rc8 11. e4 Nd7 12. h4 e5 13. Ng3 g6 14. f5 h5 15. Ng5 Bf6
16. Qb3 c4 17. dxc4 Na5 18. Qa3 Nxc4 19. Bxc4 Rxc4 20. fxg6 fxg6 21. Qxd6 Rc6
22. Qd5 Qe7 23. Be3 b4 24. Qb3 a5 25. Rd1 Ba6 26. Qd5 Nb8 27. Qxa5 bxc3 28.
bxc3 O-O 29. Rb1 Nd7 30. Qd5+ 1-0